header

The aqueous chemistry of the elements (Record no. 211941)

MARC details
000 -LEADER
fixed length control field 01271nam a2200313Ia 4500
100 1# - MAIN ENTRY--AUTHOR NAME
Personal name Schweitzer, George Keene,
245 14 - TITLE STATEMENT
Title The aqueous chemistry of the elements
260 ## - PUBLICATION, DISTRIBUTION, ETC. (IMPRINT)
Place of publication New York :
Name of publisher Oxford University Press,
Year of publication 2010.
300 ## - PHYSICAL DESCRIPTION
Number of Pages xi, 434 p. :
Other physical details ill.
650 #0 - SUBJECT ADDED ENTRY--TOPICAL TERM
Topical Term Solution (Chemistry)
Topical Term Inorganic compounds
Topical Term Chemical elements
700 1# - ADDED ENTRY--PERSONAL NAME
Personal name Pesterfield, Lester L.
856 40 - ELECTRONIC LOCATION AND ACCESS
Uniform Resource Identifier http://site.ebrary.com/lib/rucke/Doc?id=10356810

No items available.

© 2026 Rongo University
Contact us: librarian | system librarian | Rongo university